| 000 | 00399cam a2200169ua 4500 | ||
|---|---|---|---|
| 001 | 8551 | ||
| 008 | 140215n1992 II |||gr||||Z||||||eng | ||
| 040 | _aMAIN | ||
| 041 | _aEnglish | ||
| 082 | _a553.282 VIS | ||
| 082 | _a553.282 VAS | ||
| 100 | _aVASISTHATH, S. N. | ||
| 245 | _aA HUNDRED YEARS OF OIL | ||
| 260 |
_aNEW DELHI _bVIKASH PUBLISHING HOUSE _c1992 |
||
| 300 |
_a175: _c20CM. |
||
| 942 | _cBK | ||
| 999 |
_c8527 _d8527 |
||